| 000 | 01077nab a2200217 i 4500 | ||
|---|---|---|---|
| 001 | 768714001 | ||
| 003 | CO-MdFUSB | ||
| 005 | 20240426105538.0 | ||
| 008 | 230508s1987 us ||||| |||| 00| 0 eng d | ||
| 040 |
_bspa _aCO-MdFUSB _cCO-MdFUSB _dCO-MdFUSB |
||
| 041 | _aeng | ||
| 100 |
_aMiller, Kevin A. _eautor |
||
| 245 | 4 |
_aThe exacting price of ministry _c/ Kevin A. Miller |
|
| 300 |
_aVolumen 8, número 2 (Spring 1987), páginas 38 - 46 _c; 27 cm |
||
| 520 | _aKevin Miller en este artículo cuanta la historia de Brian Wells, pastor que es acusado y rechazado por su falta de “santidad” en la iglesia. Sin embargo ¿Cómo se podría responder a tal acusación? Kevin Miller cuenta esta historia de un pastor que sufre con el desprecio de la iglesia. Respondiendo a la pregunta ¿Quién es verdaderamente santo? | ||
| 546 | _aTexto en Inglés | ||
| 650 | 0 |
_9230 _aPsicología pastoral |
|
| 653 | _aEmociones | ||
| 773 | 0 |
_068780 _981954 _oR2467 _tLeadership : _w(CO-MdFUSB)768714001 _gVolumen 8, número 2 (Spring 1987), páginas 38 - 46 _qpágina 38 |
|
| 942 | _cANA | ||
| 999 |
_c68867 _d68867 |
||